| 000 | 00767nam a22002297a 4500 | ||
|---|---|---|---|
| 005 | 20170124105929.0 | ||
| 010 | _aB-92482 | ||
| 020 |
_c400.00 _a8173914575 |
||
| 035 | _aB-92482 | ||
| 037 | _bCen Lib/Ret | ||
| 040 |
_aDPL _bEN |
||
| 082 |
_a370.1 _bRED |
||
| 100 |
_aReddy, G. Narayana _97812 |
||
| 245 |
_aBuilding Capacities for Sustainable Development / _cby G. Narayana Reddy |
||
| 260 |
_aNew Delhi _bKanishka Publishers _c2002 |
||
| 270 |
_a4697 / 5-21 A, Ansari Road, Daryaganj _bNew Delhi _e110002 |
||
| 300 |
_axii,164p. _c23cm(Hb) |
||
| 500 | _aIncludes bibliographic references and index | ||
| 650 |
_aSustainable development _97813 |
||
| 650 |
_aEconomic development projects--Management _97814 |
||
| 942 |
_2ddc _cEN _h370.1 _mRED |
||
| 999 |
_c123722 _d123722 |
||